Statistiques concernant Tous les jeux Mario Game Cube

Cliquez ici pour prendre le quiz!

Statistiques générales

  • Ce quiz a été pris 23 fois
  • Le résultat moyen est 5 sur 11

Statistiques - réponses

Date sortieNom% Correct
11/2003Mario Kart Double Dash !!
76%
10/2002Super Mario Sunshine
76%
11/2002Mario Party 4
62%
12/2003Mario Party 5
62%
03/2005Mario Party 6
62%
02/2006Mario Party 7
62%
18/11/2005Mario Smash Football
38%
02/2005Mario Power Tennis
33%
11/2004Paper Mario : La porte Millénaire
29%
06/2004Mario Golf : Toadstool Tour
19%
11/11/2005Mario Superstar Baseball
19%

Distribution des résultats

Percentile par nombre de réponses

% des personnes avec chaque résultat

Votre développement - résultats

Vous n’avez pas pris ce quiz